| 000 | 00798na a2200277 4500 | ||
|---|---|---|---|
| 001 | 24475 | ||
| 003 | MIRAKIL | ||
| 005 | 20181213155335.0 | ||
| 008 | 181116b tu 000 0 | ||
| 020 | _a9758410288 | ||
| 040 |
_aMilas _btur _cTR-AnCHP |
||
| 041 | _atur | ||
| 082 |
_a956.1025 _bY37k 2003 |
||
| 090 | _a956.1025 Y37k 2003 | ||
| 100 | _aYetkin, Çetin | ||
| 245 |
_aKarşıdevrim 1945-1950 _cÇetin Yetkin |
||
| 250 | _a2. bs. | ||
| 260 |
_aİstanbul _bOtopsi Yayınları _c2003 |
||
| 300 |
_a727 s. _c19 sm. |
||
| 504 | _aKaynakça ve dizin var. | ||
| 600 |
_aİnönü, İsmet _cCumhurbaşkanı _d1884-1973 |
||
| 650 |
_aDemokrasi _xTürkiye |
||
| 650 |
_aSiyasi tarih _xTürkiye _y1945-1950 |
||
| 650 |
_aSiyaset ve yönetim _xTarih _y1945-1950 _zTürkiye |
||
| 942 |
_2ddc _cBKS |
||
| 999 |
_c10843 _d10843 |
||